000 00271nam a22000977a 4500
082 _a621.381 EDU'M
100 _aMULARD
_979816
245 _aEDUCATIONAL ELECTRONIC EXPERIMENTS SOLID STATE U.H.F MICROWAVE OSCILLATOR (IGHZ)
260 _aLONDON
_bMULLARD
_c1969
942 _cBK
999 _c584808
_d584808